Kurcemes hercoga Ferdinanda 'Libre d'architecture'

Titel: Kurcemes hercoga Ferdinanda 'Libre d'architecture' : Ordera arhitektūras meklējumos Kurzemē 17. gs.
Verfasser:
In: Latvijas Zinātņu Akadēmija: Latvijas Zinātnu Akadēmijas vēstis. A daļa, Sociālās un humanitārās zinātnes, Band 67 (2013), Seite 150-159, Abb.
alle Artikel anzeigen
Veröffentlicht: 2013
Format: Aufsatz
Sprache: Lettisch
Kein Bild verfügbar
X
alg: 39176550
001A    $01999:11-11-16 
001B    $01999:15-05-21 $t21:03:47.000 
001C    $06050:19-11-16 $t09:36:02.000 
001D    $01999:11-11-16 
001U    $0utf8 
001X    $00 
002@    $0Aox 
003@    $0391765507 
007A    $0391765507 $aHEB 
007T    $0Herdc0111888m 
010@    $alav 
011@    $a2013 
021A    $aKurcemes hercoga Ferdinanda 'Libre d'architecture' $dOrdera arhitektūras meklējumos Kurzemē 17. gs. 
028A    $#Lancmanis, I. $#Lancmanis, I. N. $#Lancmanis, Imant $#Lantsmanis, I. N. $#Lantsmanis, Imant $#Lantsmanis, Imant Nikolaevich $#Lancmanis, Imant Nikolaevič $#Lancmanis, Imant N. $7128829621 $8Lancmanis, Imants$Z1941- [Tp1] $9159266181 
031A    $d67 $h150-159, Abb. $j2013 
037A    $aengl. Res. 159: Libre d'architekture of ferdinand, Duke of Curland. Seeking architectual order system in the 17 century Courland 
039B    $aIn $8--Abvc--Latvijas Zinātņu Akadēmija [Tb1]. Latvijas Zinātnu Akadēmijas vēstis. A daļa, Sociālās un humanitārās zinātnes. - Rīgā, 1992-. - ISSN 0868-6556 $x201300000670000850 $9048608599 
045F    $a929.094796 $eDDC23BSB 
045F/01 $a929 
045F/03 $g4796 
045T    $a24 $a7,44 

lok: 39176550 78

exp: 39176550 78 1 #EPN
201B/01 $015-12-17 $t22:57:26.000 
201U/01 $0utf8 
203@/01 $0787860379 
208@/01 $a11-11-16 $be 
209A/01 $a/ $f000 $x00 
220C/01 $aTitelaufnehmer: kk 
220C/01 $aHerkunft: HI Marburg 
244Z/01 $2Trx $#Latvija $#Lettland $#Łotwa $#Lotyšsko $8--Trx--Latvija $x01 $9391275879 
244Z/01 $#Curland $#Herzogtum Kurland $#Kurzeme $#Kuramaa $#Kuršas $#Courland $#Kúrföld $#Curonia $#Kurlandia $#Kurónsko $#Kuronsko $74033801-0 $8--Tg1--Kurland $x02 $9085090336 
244Z/01 $2Trx $#Mitau $#Mitawa $8--Trx--Jelgava $x03 $9391266535 
244Z/01 $aGeschichte 1680-1703 $x04 
244Z/01 $2Trx $8--Trx--Kettler, Friedrich Kasimir von$Z1650-1698 $x05 $9390613630 
244Z/01 $2Trx $8--Trx--Kettler, Ferdinand von$Z1655-1737 $x06 $9391117513 
244Z/01 $2Trx $#hertsogid Kurland $#Kuršo hercogai $#Dukes Kurland $#hercegek Kurföld $#książęta Kurlandia $#vojvodovia kurlandskí $#vévodové kurlandští $8--Trx--Herzöge$gKurland $x07 $9391358936 
244Z/01 $2Trx $#lossid ja paleed $#pilys ir rūmai $#Castles and palaces $#kastélyok és paloták $#zamki i pałace $#zámky a paláce $#zámky a paláce $#Paläste $#Architektur Schlösser $#pałace $#paláce $#paláce $8--Trx--Schlösser und Paläste $x08 $9391360531 
244Z/01 $2Trx $#barokk $#barokas $#Baroque $#barokk $#barok $#baroko $#baroko $8--Trx--Barock $x09 $9391357646 
244Z/01 $2Trx $8--Trx--Zeitschriftenaufsatz $x10 $9391384341 
245Z/01 $a12.03 $x01 
247C/01 $82080>Marburg/Lahn, Herder-Institut, Forschungsbibliothek, Bibliographieportal $9336309341
LEADER 00000caa a22000002c 4500
001 391765507
003 DE-603
005 20210515210347.0
007 tu
008 161111s2013 xx |||| | u00||u|lav c
035 |a (DE-599)HEB391765507 
040 |a DE-603  |b ger  |c DE-603  |d DE-603 
041 |a lav 
082 0 4 |8 1\u  |a 929.094796  |q DE-101  |2 23/BSB 
084 |a 24  |a 7,44  |2 ssgn 
085 |8 1\u  |b 929 
085 |8 1\u  |z 2  |s 4796 
100 1 |a Lancmanis, Imants  |d 1941-  |0 (DE-603)159266181  |0 (DE-588)128829621  |2 gnd 
245 0 0 |a Kurcemes hercoga Ferdinanda 'Libre d'architecture'  |b Ordera arhitektūras meklējumos Kurzemē 17. gs. 
264 0 |c 2013 
500 |a engl. Res. 159: Libre d'architekture of ferdinand, Duke of Curland. Seeking architectual order system in the 17 century Courland 
773 0 8 |i In  |a Latvijas Zinātņu Akadēmija  |t Latvijas Zinātnu Akadēmijas vēstis. A daļa, Sociālās un humanitārās zinātnes  |d Rīgā, 1992-  |x 0868-6556  |g Band 67 (2013), Seite 150-159, Abb.  |w (DE-603)048608599  |w (DE-600)1116654-X 
924 0 |9 2080  |a (DE-603)787860379  |b DE-2080  |c HES  |d d  |g /